| 000 | 00488nab a2200145Ia 4500 | ||
|---|---|---|---|
| 003 | ES-SlBCS | ||
| 005 | 20210601133744.0 | ||
| 008 | 140529s1994 xxu||||| |||| 00| 0 por d | ||
| 041 | _apor | ||
| 100 | 1 |
_aNavia, Ricardo J. _9209270 |
|
| 245 | 0 | 0 |
_aEn torno a una polémica sobre la fundamentación de los juicios éticos _c Ricardo J. Navia |
| 650 | 0 | 4 |
_aJuicios Éticos-Fundamentación _9209277 |
| 773 | 0 |
_tEducaçao e Filosofia _gvol. 8, nº. 15, 1994, págs. 9-22 _wRev1534 |
|
| 942 | _cAR | ||
| 999 |
_c601590 _d601590 |
||